L'uomo che non poteva più dire niente

সংরক্ষণ করুন:
গ্রন্থ-পঞ্জীর বিবরন
প্রধান লেখক: Martino, Domenico
বিন্যাস: গ্রন্থ
ভাষা:ইংরেজি
প্রকাশিত: Aprilia Edizioni Latitudine 42 2024
ট্যাগগুলো: ট্যাগ যুক্ত করুন
কোনো ট্যাগ নেই, প্রথমজন হিসাবে ট্যাগ করুন!

MARC

LEADER 00000nam a2200000 4500
003 Arcigay Viterbo
005 20260115152551.0
008 260115b |||||||| |||| 00| 0 eng d
040 |c Arcigay Viterbo 
100 |q Martino, Domenico 
245 |a L'uomo che non poteva più dire niente  |c Martino, Domenico 
260 |a Aprilia  |b Edizioni Latitudine 42  |c 2024 
700 |q Martino, Domenico 
942 |2 ddc  |c BK  |n 0 
952 |0 0  |1 0  |2 ddc  |4 0  |6 741_500000000000000_MAR_UOM  |7 0  |9 10104  |a VT  |b VT  |d 2026-01-15  |e Donazione Lorenzo Abbate  |i B589  |l 0  |o 741.5 MAR UOM  |p B589  |r 2026-01-15 15:29:10  |w 2026-01-15  |y BK  |z Donazione Lorenzo Abbate 
999 |c 8420  |d 8420